| 000 | 00629cam a2200205 4500 | ||
|---|---|---|---|
| 001 | 509 | ||
| 005 | 20181127161553.0 | ||
| 008 | 041025s2006 nyua 001 0 eng | ||
| 010 | _a 2004061066 | ||
| 020 | _a0073018376 (alk. paper) | ||
| 100 | 1 |
_aMaher, Michael, _d1946- |
|
| 245 | 1 | 0 |
_aFundamentals of cost accounting / _cMichael W. Maher, William N. Lanen, Madhav V. Rajan. |
| 250 | _a1st ed. | ||
| 260 |
_aNew York : _bMcGraw-Hill/Irwin, _cc2006. |
||
| 300 |
_axxvi, 580 p. : _bill. (some col.) ; _c29 cm. |
||
| 500 | _aIncludes index. | ||
| 650 | 0 | _aCost accounting. | |
| 700 | 1 | _aLanen, William N. | |
| 700 | 1 | _aRajan, Madhav V. | |
| 999 |
_c387 _d387 |
||